Gasto público y distribución del ingreso en América Latina
Salvato in:
| Autori principali: | , |
|---|---|
| Natura: | Libro |
| Lingua: | spagnolo |
| Pubblicazione: |
Caracas
IESA
1993
|
| Soggetti: | |
| Tags: |
Aggiungi Tag
Nessun Tag, puoi essere il primo ad aggiungerne!!
|
MARC
| LEADER | 00000nam a2200000 a 4500 | ||
|---|---|---|---|
| 001 | UCY7101 | ||
| 003 | CL-VaPUC | ||
| 008 | 950609e19930000VE |||||||||||||||||spa|d | ||
| 082 | 0 | 4 | |a 339.2 |b HAU |2 21 |
| 100 | 0 | |a Hausmann, Ricardo |e author |9 337369 | |
| 700 | 0 | |a Rigobon, Roberto |e author |9 337370 | |
| 245 | 1 | 0 | |a Gasto público y distribución del ingreso en América Latina |
| 300 | |a 236 p | ||
| 942 | |c BK | ||
| 945 | |d 19950609 00:00:00 |a awong | ||
| 260 | |a Caracas |b IESA |c 1993 | ||
| 650 | 0 | |a Gasto público |9 335386 | |
| 650 | 7 | |a GASTO NACIONAL |2 CL-VaPUC |9 337371 | |
| 650 | 0 | |a Distribución del ingreso |9 334288 | |
| 650 | 0 | |a Política social |9 257588 | |
| 650 | 7 | |a POLITICA DE INGRESOS |2 CL-VaPUC |9 337372 | |
| 650 | 7 | |a INGRESO NACIONAL |2 CL-VaPUC |9 334289 | |
| 651 | 0 | |a América Latina |9 255027 | |
| 651 | 0 | |a Perú |9 256567 | |
| 651 | 7 | |a CHILE |2 CL-VaPUC |9 337373 | |
| 651 | 0 | |a Venezuela |9 254993 | |
| 651 | 7 | |a REPUBLICA DOMINICANA |2 CL-VaPUC |9 257737 | |
| 583 | |a last modification |c 19950609 00:00:00 |k Rodrigo Vera | ||
| 999 | |c 234554 |d 234552 | ||
| 952 | |0 0 |1 0 |4 0 |6 339_200000000000000_HAU_1993 |7 0 |8 A |9 241073 |a BIBENE |b BIBENE |d 2019-11-18 |i 3088987 |o 339.2 HAU 1993 |p 3088987 |r 2025-01-15 |w 2019-11-18 |y BK |k ICO | ||
| 952 | |0 0 |1 0 |4 0 |6 339_200000000000000_HAU_1993 |7 0 |8 A |9 241074 |a BIBENE |b BIBENE |d 2019-11-18 |i 3093247 |o 339.2 HAU 1993 |p 3093247 |r 2025-01-15 |w 2019-11-18 |y BK |k ICO | ||